|
|
|
|
| LEADER |
00000cam a2200000 c 4500 |
| 001 |
240048415 |
| 003 |
DE-627 |
| 005 |
20251222210449.0 |
| 007 |
tu |
| 008 |
980212s1998 xxu||||| 00| ||eng c |
| 010 |
|
|
|a 98-9479
|
| 016 |
7 |
|
|a 0393027430
|2 UK
|
| 020 |
|
|
|a 0393027430
|9 0-393-02743-0
|
| 024 |
8 |
|
|a 198-9479
|q Identnummer
|
| 035 |
|
|
|a (DE-627)240048415
|
| 035 |
|
|
|a (DE-576)075269112
|
| 035 |
|
|
|a (DE-599)GBV240048415
|
| 035 |
|
|
|a (OCoLC)246376304
|
| 035 |
|
|
|a (OCoLC)38270641
|
| 040 |
|
|
|a DE-627
|b ger
|c DE-627
|e rakwb
|
| 041 |
|
|
|a eng
|
| 044 |
|
|
|c XD-US
|c XA-GB
|
| 050 |
|
0 |
|a HV6432
|
| 082 |
0 |
|
|a B
|
| 082 |
0 |
|
|a 976.6/38053/092
|
| 082 |
0 |
|
|a 976.638053092
|
| 084 |
|
|
|a 7,26
|2 ssgn
|
| 084 |
|
|
|a 18.06
|2 bkl
|
| 084 |
|
|
|a 17.97
|2 bkl
|
| 100 |
1 |
|
|a Serrano, Richard A.
|0 (DE-588)1157419887
|0 (DE-627)1021250112
|0 (DE-576)502934581
|4 aut
|
| 109 |
|
|
|a Serrano, Richard A.
|a Serrano, Richard
|
| 245 |
1 |
0 |
|a One of ours
|b Timothy McVeigh and the Oklahoma City bombing
|c Richard A. Serrano
|
| 263 |
|
|
|a : No price
|
| 264 |
|
1 |
|a New York, NY [u.a.]
|b Norton
|c 1998
|
| 300 |
|
|
|a 321 S
|b Ill
|c 24 cm
|
| 336 |
|
|
|a Text
|b txt
|2 rdacontent
|
| 337 |
|
|
|a ohne Hilfsmittel zu benutzen
|b n
|2 rdamedia
|
| 338 |
|
|
|a Band
|b nc
|2 rdacarrier
|
| 583 |
1 |
|
|a Archivierung prüfen
|c 20200919
|f DE-640
|z 1
|2 pdager
|
| 583 |
1 |
|
|a Archivierung prüfen
|c 20240324
|f DE-4165
|z 1
|2 pdager
|
| 600 |
1 |
0 |
|a McVeigh, Timothy
|
| 650 |
|
0 |
|a Terrorists
|z United States
|x Biography
|
| 650 |
|
0 |
|a Right-wing extremists
|z United States
|x Biography
|
| 650 |
|
0 |
|a McVeigh
|x Timothy
|
| 650 |
|
0 |
|a Terrorists
|x United States
|x Biography
|
| 650 |
|
0 |
|a Right-wing extremists
|x United States
|x Biography
|
| 650 |
|
0 |
|a Oklahoma City Federal Building Bombing, Oklahoma City, Okla., 1995
|
| 655 |
|
7 |
|a Biografie
|0 (DE-588)4006804-3
|0 (DE-627)104213493
|0 (DE-576)208867147
|2 gnd-content
|
| 689 |
0 |
0 |
|d p
|0 (DE-588)119517760
|0 (DE-627)696230070
|0 (DE-576)212850059
|a McVeigh, Timothy
|d 1968-2001
|2 gnd
|
| 689 |
0 |
1 |
|d g
|0 (DE-588)4449019-7
|0 (DE-627)226436942
|0 (DE-576)21255039X
|a Federal Building
|g Oklahoma City, Okla.
|2 gnd
|
| 689 |
0 |
2 |
|d s
|0 (DE-588)4195366-6
|0 (DE-627)105212423
|0 (DE-576)210100613
|a Sprengstoffanschlag
|2 gnd
|
| 689 |
0 |
3 |
|a z
|2 gnd
|a Geschichte 1995
|
| 689 |
0 |
|
|5 (DE-627)
|
| 889 |
|
|
|w (DE-627)293182914
|
| 935 |
|
|
|i mdedup
|
| 935 |
|
|
|i Blocktest
|
| 936 |
b |
k |
|a 18.06
|j Angloamerikanische Literatur
|0 (DE-627)106415417
|
| 936 |
b |
k |
|a 17.97
|j Texte eines einzelnen Autors
|0 (DE-627)181571714
|
| 951 |
|
|
|a BO
|
| ELC |
|
|
|b 1
|
| LOK |
|
|
|0 000 xxxxxcx a22 zn 4500
|
| LOK |
|
|
|0 001 3085708200
|
| LOK |
|
|
|0 003 DE-627
|
| LOK |
|
|
|0 004 240048415
|
| LOK |
|
|
|0 005 19990401000000
|
| LOK |
|
|
|0 008 990401||||||||||||||||ger|||||||
|
| LOK |
|
|
|0 040
|a DE-21
|c DE-627
|d DE-21
|
| LOK |
|
|
|0 852
|a DE-21
|
| LOK |
|
|
|0 852 1
|c KB 19 A 7258
|9 00
|
| LOK |
|
|
|0 935
|a krim
|
| LOK |
|
|
|0 936ln
|a k10.2.3
|
| LOK |
|
|
|0 939
|a 01-04-99
|b l01
|
| ORI |
|
|
|a SA-MARC-krimdoka001.raw
|
| SIG |
|
|
|a UB: KB 19 A 7258
|
| TIM |
|
|
|a 100019950101_100019951231
|b Geschichte 1995
|